header

Creating mobile apps with jQuery mobile (Record no. 23930)

MARC details
000 -LEADER
fixed length control field 01605nam a2200349 a 4500
082 04 - DEWEY DECIMAL CLASSIFICATION NUMBER
Classification number 005.2762
100 1# - MAIN ENTRY--AUTHOR NAME
Personal name Gliser, Shane.
245 10 - TITLE STATEMENT
Title Creating mobile apps with jQuery mobile
260 ## - PUBLICATION, DISTRIBUTION, ETC. (IMPRINT)
Place of publication Birmingham, U.K. :
Name of publisher Packt Publishing,
Year of publication c2013.
300 ## - PHYSICAL DESCRIPTION
Number of Pages 1 online resource (iv, 234 p.) :
Other physical details ill. (some col.)
500 ## - GENERAL NOTE
General note Includes index.
General note "Community Experience Distilled"--Cover.
650 #0 - SUBJECT ADDED ENTRY--TOPICAL TERM
Topical Term JavaScript (Computer program language)
Topical Term Mobile computing
Topical Term Application software
Topical Term Query languages (Computer science)
856 40 - ELECTRONIC LOCATION AND ACCESS
Uniform Resource Identifier http://site.ebrary.com/lib/rucke/Doc?id=10695792
588 ## -
-- Description based on online resource; title from title page (ebrary, viewed May 24, 2013).

No items available.

© 2026 Rongo University
Contact us: librarian | system librarian | Rongo university